01335nam a2200229Ia 4500952009000000952010200090999001700192008004100209020001500250050001500265100004100280245008900321260003300410300003000443500017600473504002800649505031700677519004500994650002201039700003701061942000701098 00104070a22b22d2007-01-08l0oHD31 R66p11 002728r2023-07-16t1w2012-06-26yLB 00104070a22b22d2007-01-08l3oHD31 R66p11 002729r2023-07-16s2015-02-16t2w2012-06-26yLB c69915d69915191109b1984 mx a|||| |||| 00| 0 spa d a9681818482 aHD31 bR66 aRodas Carpizo, Alejandro R. eautor  aAdministración básica c/ Alejandro R. Rodas Carpizo y María F. A. de Rodas  aMéxico b: Limusa c.1984  a269 páginas b: tablas  aIncluye: Contenido, Introducción, Presentación (pp. 7 - 8), Recomendaciones (pp. 9 - 10), Prólogo (pp. 13 - 14), Respuestas de los de los ejercicios (pp. 266 - 269) aBibliografía (p. 266) aIntroducción Definición de la administración Orígenes del fenómeno administrativo La administración como ciencia El humano relacionismo de el ton mayo El proceso administrativo Estructuras organizacionales Finanzas Administración de recursos humanos Producción Mercadotecnia  aMaterial Complementario / d(11 0002729) 0aADMINISTRACIÓN  aRodas, María F. a de, eautor  cLB